Jakiego państwa to herb? (dla geomexa) - Statystyki

Ogólne statystyki
  • Ten quiz został rozwiązany 1 923 razy
  • Średni wynik to 10 z 16
Statystyki odpowiedzi
Obrazkowy Odpowiedź % Poprawnych
Kosowo
95%
Austria
93%
Serbia
91%
Iran
81%
Andora
75%
Australia
74%
Korea Północna
69%
Pakistan
68%
Uzbekistan
68%
Bahrajn
63%
Czechy
62%
Japonia
50%
Papua-Nowa Gwinea
25%
Palau
16%
Bangladesz
15%
Wyspy Świętego Tomasza i Książęca
10%
Nie znaleziono quizów pasujących do podanych kryteriów
Rozkład punktacji
Procent ludzi z każdym wynikiem
Percentyl według liczby udzielonych odpowiedzi
Twoja historia wyników
Nie rozwiązałeś tego quizu